000 00966nam a2200205Ia 4500
003 OSt
005 20240326144259.0
007 ca aa aaaaa
008 201103s9999 xx 000 0 und d
040 _cSSBUL
041 _abur
082 _a၂၉၄.၃၄၄၃
_bမိုး
100 _a မိုးကုတ်ဆရာတော်ဘုရားကြီး
245 1 0 _aတစိမ်းတွေကိုဆွေမျိုးလုပ်ပြီးကြည့်မနေနဲ့ /
_c မိုးကုတ်ဆရာတော်ဘုရားကြီး။
260 _aရန်ကုန် ၊
_bမိုးကုတ်ဝိပဿနာတရာစဉ်နှင့်လုပ်ငန်းစဉ်ပြန့်ပွားရေးအဖွဲ့ချုပ်၊
300 _a၅၆ စာမျက်နှာ ၊
_c၁၉ စင်တီ။
500 _aS-SAT: Prof. Sai Aung Tun
942 _cBK1
_2ddc
942 _2ddc
999 _c16892
_d16892